Responses for Show #8635 - Friday, May 6, 2022

Mattea Roach game 24.
Danielle Maurer ends Mattea's streak.

Contestants

[<< previous game]

Danielle Maurer, a digital marketing manager from Peachtree Corners, Georgia

Betsy Hobbs, a senior operations manager originally from Thornton, Illinois

Mattea Roach, a tutor from Toronto, Ontario, Canada (whose 23-day cash winnings total $560,983)

[next game >>]

Jeopardy! Round responses

MODERN ROYALTY
ETHNIC GROUPS
PADDING THE SHOW
INTERNATIONAL COMPUTER GLOSSARY
2 FIRST NAMES?
NEW TO THE OED
    $200 10
Will & Kate

Mattea
    $200 1
Chicano

Mattea
    $200 26
packing peanuts

Mattea
    $200 27
download

Danielle
    $200 18
Matt Damon

Betsy
    $200 14
dine and dash

Mattea
    $400 11
Hirohito

Mattea
    $400 2
Islam

Mattea
    $400 25
cushion

Mattea
    $400 5
(Danielle: What is a web domain?)
(Mattea: What is a URL?)
(Betsy: What is a web address?)
...
(Ken: You guys don't know Internet terms in Icelandic?)
[Laughter]

the homepage

MatteaBetsyDanielle
Triple Stumper
    $400 19
Keri Russell

Mattea
    $400 6
goop

Danielle
    $600 7
Brunei

Mattea
    $600 3
(Betsy: What is Puerto Rican?)

Portuguese

MatteaBetsy
    $600 9
shoulder pads

Mattea
    $2,800 28
a backdoor

Danielle
    $600 20
Stan Lee

Mattea
    $600 15
Tater Tots

Mattea
    $800 12
(Betsy: What is San Marino?)

Liechtenstein

MatteaBetsy
    $800 4
the Pennsylvania Dutch

Danielle
    $800 23
batting

Danielle
    $800 29
the motherboard

Mattea
    $800 21
(Mattea: Who is Satchel Paige?)

Nolan Ryan

MatteaBetsy
    $800 16
lightning in a bottle

Triple Stumper
    $1000 13
Belgium

Mattea
    $1000 8
Malay

Danielle
    $1000 24
(Mattea: All right, I learned something new today.)

pugil

Mattea
    $1000 30
(Mattea: What is the signature?)

an email attachment

Mattea
Triple Stumper
    $1000 22
Diane Warren

Betsy
    $1000 17
the blockchain

Mattea

Scores at the first commercial break (after clue 15):

Mattea Betsy Danielle
$5,200 -$1,800 $1,800

Scores at the end of the Jeopardy! Round:

Mattea Betsy Danielle
$7,800 $200 $5,600

Double Jeopardy! Round responses

WORLD GEOGRAPHY
HISTORICAL FICTION
PROTESTANTS
OUR BRAND'S ON THAT
4 "N"
(Ken: Each response will include the letter N exactly four times.)
AFFAIRS
    $400 4
Lake Superior

Mattea
    $400 13
D.H. Lawrence

Betsy
    $400 8
Scotland

Mattea
    $400 22
Levi’s

Danielle
    $400 17
unannounced

Danielle
    $400 1
(Betsy: [In a sultry tone] Let's go AFFAIRS for $400.)
(Ken: I love the delivery...)

Scandal

Mattea
    $800 5
Hyde Park

Mattea
    $800 27
Claudius

Triple Stumper
    $800 9
Baptist

Mattea
    $800 23
Buick

Betsy
    $800 21
a quincentennial

Triple Stumper
    $800 2
The Graduate

Danielle
    $1200 3
(Danielle: What is Peshawar?)

Karachi

MatteaDanielle
    $1200 28
(Danielle: What is Quo Vadim?)

Quo Vadis

Danielle
Triple Stumper
    $1200 10
Episcopalian

Mattea
    $1200 24
Bausch + Lomb

Triple Stumper
    $1200 18
(Betsy: What is intertournamental?)

non-conference

Betsy
Triple Stumper
    $1200 14
Indecent Proposal

Betsy
    $3,000 6
Anguilla

Mattea
    $1600 29
Poldark

Triple Stumper
    $1600 11
Methodism

Triple Stumper
    $1600 25
(Ken: Yeah, that takes me back.)

Atari

Mattea
    $1600 19
a nonagenarian

Danielle
    $1600 15
Alfonso Cuarón

Mattea
    $2000 7
Mount Pinatubo

Triple Stumper
    $2000 30
The Name of the Rose

Betsy
    $2000 12
Congregationalism

Triple Stumper
    $2000 26
Chevron

Betsy
    $5,000 20
(Danielle: What is... [*]?)
(Ken: You started it in time.)

the Annunciation

Danielle
    $2000 16
Dominic West

Betsy

Scores at the end of the Double Jeopardy! Round:

Mattea Betsy Danielle
$19,200 $7,400 $11,400

[wagering suggestions for these scores]

Final Jeopardy! Round responses

USA
(Ken: [To Betsy] Yeah, I loved the movie Cats also; those are two of my favorites. I don't know who they are...)
...
(Ken: [To Danielle] Yes, the namesakes of the Atlanta airport. Obviously, for a Georgia native, maybe that's not so hard. But remember, these questions are written months in advance and assigned randomly to games before we even know who the contestants are.)

[ZergCam]
...
(Ken: Mattea Roach, it has been a pleasure watching you play the game. You finish your remarkable streak in the top 5 all time for both longest Jeopardy! streaks and most money won. Congratulations to you...)
(Mattea: Thank you so much.)
(Ken: ...and we will see you in the Tournament of Champions.)
BetsyWho are Mavory & Jorbles?
$7,000
DanielleWho are Hartsfield & Jackson?
$4,200
MatteaWho are Churchill and Downs? idk
$3,601
William Hartsfield & Maynard Jackson

Final scores:

Mattea Betsy Danielle
$15,599 $400 $15,600
2nd place: $2,000 3rd place: $1,000 New champion: $15,600

Game dynamics:

Coryat scores:

Mattea Betsy Danielle
$17,800 $7,400 $6,200
28 R
(including 1 DD),
3 W
9 R,
4 W
11 R
(including 2 DDs),
3 W

Combined Coryat: $31,400

[game clues] [game scores] [suggest correction]

Game tape date: 2022-02-15
The J! Archive is created by fans, for fans. Scraping, republication, monetization, and malicious use prohibited; this site may use cookies and collect identifying information. See terms. The Jeopardy! game show and all elements thereof, including but not limited to copyright and trademark thereto, are the property of Jeopardy Productions, Inc. and are protected under law. This website is not affiliated with, sponsored by, or operated by Jeopardy Productions, Inc. Join the discussion at JBoard.tv.